[Event "Superettan(Orebro-Schack 08)"]
[Site "?"]
[Date "2012.01.14"]
[Round "4"]
[White "Jonsson, Krister"]
[Black "Lofgren, Tomas"]
[Result "1-0"]
[WhiteElo "2141"]
[BlackElo "1957"]
[PlyCount "85"]

1. d4 Nf6 2. c4 d6 3. Nc3 g6 4. e4 Bg7 5. f3 O-O 6. Be3 e5 7. Nge2 c6 8. Qd2
Nbd7 9. O-O-O Qa5 10. Kb1 b5 11. cxb5 cxb5 12. Nd5 Qxd2 13. Nxf6+ Nxf6 14. Rxd2
a6 15. Nc3 Bb7 16. Be2 Rac8 17. Rhd1 Rfe8 18. g3 Bc6 19. a3 Bb7 20. Bf1 Rc7 21.
dxe5 dxe5 22. Rd6 h5 23. Bh3 Rc4 24. Rb6 Bc8 25. Bxc8 Rexc8 26. Rxa6 b4 27.
axb4 Rxb4 28. Kc2 Ne8 29. Ra7 f5 30. exf5 gxf5 31. Rad7 Nf6 32. Rd8+ Rxd8 33.
Rxd8+ Kf7 34. Rd6 e4 35. fxe4 fxe4 36. Bd4 Rb7 37. Rb6 Rc7 38. Kb3 Re7 39. Bxf6
Bxf6 40. Rxf6+ Kxf6 41. Nd5+ Ke6 42. Nxe7 Kxe7 43. Kc3 1-0

[Event "Superettan(Wasa-Orgryte)"]
[Site "?"]
[Date "2012.01.21"]
[Round "4"]
[White "Tukhaev, Adam"]
[Black "Astrom, Goran"]
[Result "1-0"]
[WhiteElo "2600"]
[BlackElo "2320"]
[PlyCount "53"]
[SourceDate "2012.01.24"]

1. e4 c5 2. Nf3 e6 3. d4 cxd4 4. Nxd4 a6 5. Bd3 Bc5 6. Nb3 Be7 7. a4 Nc6 8. a5
Nf6 9. O-O O-O 10. Be3 d5 11. Bb6 Qd6 12. Nc3 Nb4 13. Bc5 Qc7 14. e5 Bxc5 15.
exf6 Nxd3 16. Qg4 g6 17. cxd3 Bd6 18. Qh4 Qd8 19. d4 Re8 20. f4 Bf8 21. g4 b6
22. Nd2 bxa5 23. Nf3 Rb8 24. Rf2 Rb4 25. Ne5 Qb6 26. Nxf7 Rxd4 27. Ng5 1-0

[Event "Superettan(Wasa-Orgryte)"]
[Site "?"]
[Date "2012.01.21"]
[Round "4"]
[White "Hellborg, Teodor"]
[Black "Frisk Kockum, Anton"]
[Result "1-0"]
[WhiteElo "2362"]
[BlackElo "2402"]
[PlyCount "137"]

1. d4 Nf6 2. c4 e6 3. g3 Bb4+ 4. Bd2 c5 5. Bg2 Qb6 6. d5 exd5 7. cxd5 Bxd2+ 8.
Qxd2 O-O 9. Nc3 d6 10. Nf3 Re8 11. Qc2 Na6 12. Rd1 Nb4 13. Qb1 Bg4 14. O-O Rac8
15. Rfe1 Qd8 16. Nd2 Qd7 17. Nc4 Rcd8 18. a3 Na6 19. Qc2 Nc7 20. Qb3 b6 21. Qc2
Bh3 22. e4 Bxg2 23. Kxg2 Qg4 24. f3 Qg6 25. Qa4 b5 26. Nxb5 Nxb5 27. Qxb5 Nh5
28. Kf2 Qh6 29. Ne3 Rb8 30. Qe2 Qf6 31. Nc4 Rb3 32. Rd3 Reb8 33. Qe3 Rxd3 34.
Qxd3 g5 35. Kg2 Qg6 36. Re2 Re8 37. Ne3 Ng7 38. g4 h5 39. h3 Qf6 40. Nc4 Rb8
41. Qc2 h4 42. Qd2 Rb3 43. Re3 Rb8 44. Rd3 Ne8 45. Qe3 Nc7 46. Qd2 Kh7 47. f4
Qg6 48. f5 Qf6 49. Re3 Nb5 50. Rb3 Re8 51. e5 Rxe5 52. Nxe5 Qxe5 53. Rxb5 Qg3+
54. Kf1 Qxh3+ 55. Qg2 Qd3+ 56. Qe2 Qxd5 57. Kg1 Qd4+ 58. Kg2 Qd5+ 59. Kh2 a6
60. Rb8 Qd4 61. Rb3 d5 62. Kg2 c4 63. Re3 Kg7 64. Kh3 Kf6 65. Re8 Qd3+ 66. Qxd3
cxd3 67. Re3 d4 68. Rxd3 Ke5 69. b4 1-0

[Event "Superettan(Wasa-Orgryte)"]
[Site "?"]
[Date "2012.01.21"]
[Round "4"]
[White "Ziegler, Ari"]
[Black "Soderberg, Per"]
[Result "1/2-1/2"]
[WhiteElo "2411"]
[BlackElo "2238"]
[PlyCount "127"]

1. e4 c5 2. Nf3 d6 3. d4 cxd4 4. Nxd4 Nf6 5. Nc3 a6 6. Be3 e5 7. Nb3 Be6 8. Qd2
Be7 9. f3 O-O 10. O-O-O Qc7 11. g4 Rc8 12. Qf2 Nbd7 13. h4 b5 14. g5 Nh5 15.
Bh3 b4 16. Nd5 Bxd5 17. Rxd5 a5 18. Bxd7 Qxd7 19. Nc5 Qc6 20. Nd3 Ra6 21. Kb1
Rb8 22. Qd2 Rb5 23. Rxb5 Qxb5 24. Rd1 Bf8 25. b3 g6 26. Nb2 Ng3 27. Nc4 a4 28.
Qf2 Nh5 29. Rd5 Qb8 30. Qd2 axb3 31. cxb3 Nf4 32. Bxf4 exf4 33. Qxf4 Qa7 34.
Qe3 Qa8 35. Qd2 Qa7 36. f4 Qg1+ 37. Kb2 Qg3 38. e5 dxe5 39. Nxe5 Re6 40. Rd8
Rxe5 41. fxe5 Qxe5+ 42. Kb1 Qe4+ 43. Kc1 Qxh4 44. Qe3 Qh1+ 45. Rd1 Qh2 46. Kb1
Qg2 47. Qe5 Qf3 48. Qd5 Qe2 49. Rd2 Qe1+ 50. Kc2 Qe3 51. Kd1 h5 52. Re2 Qc3 53.
Rf2 Qa1+ 54. Ke2 Qxa2+ 55. Kf1 Qa1+ 56. Kg2 Qg7 57. Rf3 Be7 58. Kh3 Qf8 59. Kh4
Bc5 60. Rf6 Kg7 61. Qe5 Kg8 62. Qd5 Kg7 63. Qe5 Kg8 64. Qd5 1/2-1/2

[Event "Superettan(Wasa-Orgryte)"]
[Site "?"]
[Date "2012.01.21"]
[Round "4"]
[White "Nordstrom, Felix"]
[Black "Arnelind, Mikael"]
[Result "1/2-1/2"]
[WhiteElo "2168"]
[BlackElo "2193"]
[PlyCount "111"]

1. d4 Nf6 2. c4 e6 3. Nc3 Bb4 4. Qc2 O-O 5. a3 Bxc3+ 6. Qxc3 b6 7. Bg5 Bb7 8.
Nf3 d6 9. Nd2 h6 10. Bh4 c5 11. dxc5 dxc5 12. e3 Nbd7 13. f3 Re8 14. Bd3 e5 15.
Bf5 Qc7 16. O-O a6 17. Rad1 Bc6 18. Qc2 Ra7 19. Nb1 Rb8 20. Rd2 Ne8 21. Nc3
Ndf6 22. Rfd1 b5 23. Ne4 Bxe4 24. Bxe4 Qb6 25. Bf5 Rc7 26. Qc3 Re7 27. cxb5
axb5 28. Bg3 b4 29. axb4 cxb4 30. Qb3 Kf8 31. Kh1 Qa5 32. e4 g6 33. Bh3 Kg7 34.
Bf2 Rc7 35. g3 Qb5 36. Bf1 Qc6 37. Kg1 Rcc8 38. Qd3 Rc7 39. Bh3 Qa4 40. f4 exf4
41. e5 Ng8 42. gxf4 b3 43. f5 Qc4 44. Qg3 g5 45. e6 Ngf6 46. Bd4 Rbb7 47. Be5
Re7 48. Rd8 Kh7 49. Bxf6 Nxf6 50. Qe5 Kg7 51. Bg2 Rbc7 52. R8d5 Qc2 53. Bf3 Qc4
54. Bg2 Qc2 55. Bf3 Qc4 56. Bg2 1/2-1/2

[Event "Superettan(Wasa-Orgryte)"]
[Site "?"]
[Date "2012.01.21"]
[Round "4"]
[White "Kumar, Rahul"]
[Black "Collett, Peter"]
[Result "1/2-1/2"]
[WhiteElo "2154"]
[BlackElo "2238"]
[PlyCount "137"]
[EventDate "2012.??.??"]

1. d4 Nf6 2. Nf3 e6 3. Bg5 h6 4. Bf4 b6 5. h3 Bb7 6. e3 d6 7. Nbd2 Be7 8. Bd3
c5 9. O-O O-O 10. c3 Ba6 11. Bxa6 Nxa6 12. Qe2 Nb8 13. e4 Nbd7 14. Kh1 Re8 15.
Bh2 d5 16. e5 Nh7 17. Ng1 cxd4 18. cxd4 Rc8 19. Nb1 Rc4 20. Qd3 Nb8 21. Ne2 Qd7
22. a3 Rec8 23. Nbc3 a6 24. Rae1 b5 25. f4 g6 26. g4 b4 27. axb4 Rxb4 28. f5 g5
29. fxe6 Qxe6 30. Rf5 Nc6 31. Ref1 Nd8 32. R1f2 Rcb8 33. Qf3 Rxb2 34. Nxd5 R8b3
35. Qg2 Rb1+ 36. Bg1 Rxh3+ 37. Qxh3 Qxd5+ 38. Qf3 Qc4 39. Qe4 Rb3 40. R5f3 Rb4
41. Rf1 Nf8 42. Nc3 Rb3 43. Nd5 Bb4 44. Rxb3 Qxb3 45. Rf3 Qc4 46. Nf6+ Kg7 47.
Qf5 Qe6 48. Nh5+ Kg8 49. Qe4 Qc4 50. Rf6 Be7 51. Rxh6 Nde6 52. Ng3 Nf4 53. Rc6
Qb3 54. Kh2 a5 55. Rc7 Bb4 56. Be3 Nd5 57. Rb7 Nxe3 58. Qf3 Qd5 59. Qxd5 Nxd5
60. Ne4 Ne6 61. Rd7 Nb6 62. Nf6+ Kg7 63. Rb7 Nc4 64. Rb8 Nxd4 65. Rg8+ Kh6 66.
Rh8+ Kg7 67. Rg8+ Kh6 68. Rh8+ Kg7 69. Rg8+ 1/2-1/2

[Event "Superettan(Wasa-Orgryte)"]
[Site "?"]
[Date "2012.01.21"]
[Round "4"]
[White "Berkell, Peder"]
[Black "Svedberg, Hans"]
[Result "1-0"]
[WhiteElo "2161"]
[BlackElo "2089"]
[PlyCount "77"]
[SourceDate "2012.01.24"]

1. b3 e5 2. Bb2 d6 3. e3 Nf6 4. c4 g6 5. Nf3 Bg7 6. d4 exd4 7. Nxd4 O-O 8. Nc3
Re8 9. Qd2 Nbd7 10. Be2 c6 11. O-O Nc5 12. Rad1 Qc7 13. Nf3 Nce4 14. Nxe4 Nxe4
15. Qc1 Bxb2 16. Qxb2 Bg4 17. h3 Bxf3 18. Bxf3 Ng5 19. Qf6 Nxf3+ 20. Qxf3 Re6
21. Rd2 Qe7 22. Rfd1 Rd8 23. Rd4 f5 24. Qf4 Kg7 25. h4 Re5 26. g3 h6 27. Qf3 h5
28. Kg2 a6 29. R1d2 Kh7 30. Qd1 Re6 31. Qb1 Kh6 32. b4 b5 33. Qd3 bxc4 34. Qxc4
d5 35. Qc1 Qb7 36. Rc2 Rdd6 37. e4+ Kh7 38. exd5 Rf6 39. dxc6 1-0

[Event "Superettan(Wasa-Orgryte)"]
[Site "?"]
[Date "2012.01.21"]
[Round "4"]
[White "Forsberg, Jan-Olof"]
[Black "Wenzel, Birger"]
[Result "1-0"]
[WhiteElo "2119"]
[BlackElo "2070"]
[PlyCount "97"]

1. d4 Nf6 2. c4 e6 3. Nc3 Bb4 4. Nf3 c5 5. g3 cxd4 6. Nxd4 Ne4 7. Qd3 Bxc3+ 8.
bxc3 Nc5 9. Qe3 b6 10. Bg2 Bb7 11. Bxb7 Nxb7 12. Ba3 Nc6 13. Nxc6 dxc6 14. Rd1
Qf6 15. O-O Na5 16. Bb4 Nb7 17. Qe4 Rc8 18. Rd3 Rc7 19. Rfd1 c5 20. Ba3 Qe7 21.
Bc1 f5 22. Qe5 O-O 23. Bf4 Rfc8 24. Qe3 Na5 25. Bxc7 Rxc7 26. Qf4 g6 27. Rd8+
Kg7 28. Qxc7 Qxc7 29. R1d7+ Qxd7 30. Rxd7+ Kf6 31. Rxh7 a6 32. Ra7 Nxc4 33.
Rxa6 g5 34. Kf1 g4 35. Ke1 Ke5 36. Ra8 Nd6 37. Rb8 Nc4 38. Rd8 Ke4 39. Rd7 Ke5
40. Kd1 Ke4 41. Kc2 Ke5 42. f3 Ne3+ 43. Kd3 Nf1 44. fxg4 Nxh2 45. gxf5 exf5 46.
Rb7 Nf1 47. Rxb6 Nxg3 48. a4 Kd5 49. c4+ 1-0

[Event "Superettan(Wasa-Orgryte)"]
[Site "?"]
[Date "2012.01.21"]
[Round "4"]
[White "Sjoholm, Emil"]
[Black "Eksmyr, Johan"]
[Result "0-1"]
[WhiteElo "1998"]
[BlackElo "2114"]
[PlyCount "94"]

1. e4 c6 2. d4 d5 3. Nc3 dxe4 4. Nxe4 Nf6 5. Nxf6+ gxf6 6. Be3 Bf5 7. Nf3 Na6
8. c3 Nc7 9. Qb3 b6 10. g3 Be4 11. Bg2 Qd5 12. c4 Qa5+ 13. Bd2 Qh5 14. Qe3 f5
15. O-O Bg7 16. Ne5 Bxe5 17. Bxe4 fxe4 18. dxe5 O-O-O 19. Bc3 Qg6 20. Rfe1 Rd3
21. Qxe4 Rhd8 22. Re3 Rxe3 23. Qxe3 Qg4 24. b3 Ne6 25. f4 h5 26. Re1 Rg8 27.
Rf1 h4 28. Be1 Qf5 29. Kh1 hxg3 30. Bxg3 Rd8 31. Qf3 Nd4 32. Qg2 Kc7 33. Rf2
Qd3 34. Qf1 Qe4+ 35. Qg2 Qb1+ 36. Qf1 Qe4+ 37. Kg1 Nf5 38. Qg2 Qe3 39. Qf3 Qc1+
40. Rf1 Qc2 41. Rf2 Qb1+ 42. Kg2 Rg8 43. Qh5 Rg7 44. Qh8 Qe4+ 45. Kg1 Nxg3 46.
Rd2 Qe1+ 47. Kg2 Qf1# 0-1

[Event "Superettan(Farsta-Orgryte)"]
[Site "?"]
[Date "2012.01.22"]
[Round "3"]
[White "Frisk Kockum, Anton"]
[Black "Livner, Anders"]
[Result "1-0"]
[WhiteElo "2402"]
[BlackElo "2439"]
[PlyCount "65"]

1. e4 c6 2. d4 d5 3. Nc3 dxe4 4. Nxe4 Bf5 5. Ng3 Bg6 6. h4 h6 7. Nf3 Nd7 8. h5
Bh7 9. Bd3 Bxd3 10. Qxd3 e6 11. Bf4 Qa5+ 12. Bd2 Bb4 13. c3 Be7 14. c4 Qc7 15.
O-O-O Ngf6 16. Qe2 O-O 17. Ne5 Bd6 18. Nxd7 Qxd7 19. Ne4 Be7 20. Bc3 Rfd8 21.
Rh3 b5 22. Rg3 Nxe4 23. Qxe4 Bg5+ 24. Rxg5 hxg5 25. h6 bxc4 26. d5 cxd5 27. Qf3
Qd6 28. hxg7 Qf4+ 29. Qxf4 gxf4 30. Bf6 Kh7 31. Rh1+ Kg6 32. Bxd8 Kxg7 33. Bc7
1-0

[Event "Superettan(Farsta-Orgryte)"]
[Site "?"]
[Date "2012.01.22"]
[Round "3"]
[White "von Bahr, Oskar"]
[Black "Tukhaev, Adam"]
[Result "0-1"]
[WhiteElo "2348"]
[BlackElo "2600"]
[PlyCount "112"]

1. c4 e6 2. g3 d5 3. Bg2 Nf6 4. Nf3 d4 5. O-O c5 6. d3 Nc6 7. e3 Be7 8. exd4
cxd4 9. Re1 Nd7 10. Na3 e5 11. Nc2 a5 12. b3 O-O 13. Rb1 f6 14. a3 Nc5 15. b4
Na4 16. Bd2 axb4 17. axb4 Bf5 18. Rb3 Qd7 19. Nh4 Bg4 20. Bd5+ Kh8 21. f3 Bh3
22. f4 g5 23. fxg5 fxg5 24. Nf3 Rf5 25. b5 Nc5 26. bxc6 bxc6 27. Nxe5 Rxe5 28.
Rxe5 Nxb3 29. Bg2 Bf6 30. Bxh3 Qxh3 31. Re2 Qf5 32. Qf1 Qxf1+ 33. Kxf1 Ra2 34.
Be1 Nc1 35. Re8+ Kg7 36. Nb4 Rxh2 37. c5 Kf7 38. Rc8 Rh1+ 39. Kf2 g4 40. Rc7+
Ke8 41. Bd2 Rh2+ 42. Ke1 Be5 43. Rxc6 Bxg3+ 44. Kd1 Nb3 45. Bg5 Kd7 46. Rf6
Nxc5 47. Bf4 Bxf4 48. Rxf4 h5 49. Rxd4+ Ke6 50. Ke1 g3 51. Kf1 Rf2+ 52. Kg1 Nb3
53. Re4+ Kd6 54. Rh4 Nd2 55. Rxh5 Nf3+ 56. Kh1 g2# 0-1

[Event "Superettan(Farsta-Orgryte)"]
[Site "?"]
[Date "2012.01.22"]
[Round "3"]
[White "Ziegler, Ari"]
[Black "Ong, Kezli"]
[Result "1-0"]
[WhiteElo "2411"]
[BlackElo "2327"]
[PlyCount "81"]

1. e4 e5 2. Nf3 Nc6 3. Bc4 Nf6 4. Ng5 d5 5. exd5 Na5 6. Bb5+ c6 7. dxc6 bxc6 8.
Qf3 Be7 9. Bxc6+ Nxc6 10. Qxc6+ Bd7 11. Qc4 O-O 12. Nc3 Nh5 13. Nf3 Rc8 14. Qe4
Bc6 15. Qe3 Bc5 16. Qxc5 Bxf3 17. Qe3 Bxg2 18. Rg1 Nf4 19. d3 Rc6 20. Bd2 Qc7
21. O-O-O Rb8 22. Rde1 f6 23. Qg3 Bd5 24. Bxf4 exf4 25. Qxg7+ Qxg7 26. Rxg7+
Kxg7 27. Nxd5 Rd8 28. Nxf4 Kf7 29. Re4 Rg8 30. c4 Rg1+ 31. Kc2 Rh1 32. h3 Rh2
33. Re2 Rc5 34. Nd5 Kg6 35. b4 Rxd5 36. cxd5 Rxh3 37. Kc3 Kf7 38. d6 Rh5 39.
Kc4 Re5 40. Rxe5 fxe5 41. Kd5 1-0

[Event "Superettan(Farsta-Orgryte)"]
[Site "?"]
[Date "2012.01.22"]
[Round "3"]
[White "Backelin, Rikard"]
[Black "Arnelind, Mikael"]
[Result "0-1"]
[WhiteElo "2435"]
[BlackElo "2193"]
[PlyCount "142"]
[EventDate "2012.??.??"]

1. c4 Nf6 2. Nc3 c5 3. g3 g6 4. Bg2 Bg7 5. a3 O-O 6. b4 d6 7. Bb2 a6 8. Nf3 Qc7
9. Qb3 Nbd7 10. O-O Rb8 11. Rac1 b6 12. Nd5 Qd8 13. bxc5 bxc5 14. Qc2 Rxb2 15.
Nxe7+ Qxe7 16. Qxb2 Ng4 17. Qb3 Nde5 18. Ne1 h5 19. Nc2 h4 20. h3 Nh6 21. g4 g5
22. Ne3 Ng6 23. Rfe1 Nf4 24. Nd5 Nxd5 25. Bxd5 Kh8 26. Qe3 Be5 27. Kg2 f5 28.
f3 Qg7 29. Rf1 Bd4 30. Qd3 Qe5 31. f4 gxf4 32. g5 Qg7 33. Kh1 Qxg5 34. Qf3 Qg3
35. Rb1 Qxf3+ 36. Rxf3 Be5 37. Rb8 Kg7 38. Rf1 f3 39. Rxf3 f4 40. e3 Nf5 41.
exf4 Bd4 42. Kg2 Ne7 43. Rb6 Nxd5 44. cxd5 Rf6 45. Kf1 Bf5 46. d3 a5 47. Ra6
Bg6 48. Ke1 Bc3+ 49. Kf1 Bf7 50. f5 Be5 51. Rxa5 Bxd5 52. Rf2 Bg3 53. Re2 Rxf5+
54. Kg1 Be5 55. Ra7+ Kh6 56. Rd7 Rg5+ 57. Kf1 Bc6 58. Re7 Bb5 59. Re3 Rg6 60.
Rb7 Bc6 61. Rc7 Bd5 62. a4 Bd4 63. Ree7 Rg1+ 64. Ke2 Rg2+ 65. Ke1 Bc3+ 66. Kf1
Ra2 67. Ra7 Bg2+ 68. Kg1 Bxh3 69. Ra6 Bd4+ 70. Kh1 Bg2+ 71. Kh2 Bb7+ 0-1

[Event "Superettan(Farsta-Orgryte)"]
[Site "?"]
[Date "2012.01.22"]
[Round "3"]
[White "Kumar, Rahul"]
[Black "Hjelm, Niclas"]
[Result "0-1"]
[WhiteElo "2154"]
[BlackElo "2367"]
[PlyCount "72"]

1. d4 d5 2. Nf3 Nf6 3. Bf4 c5 4. e3 Qb6 5. Nc3 a6 6. dxc5 Qxc5 7. Be2 Nc6 8.
O-O g6 9. a3 Bg7 10. Na4 Qa7 11. b4 O-O 12. Nd4 Ne4 13. c3 e5 14. Nxc6 bxc6 15.
Bg3 f5 16. Bf3 f4 17. exf4 exf4 18. Bh4 h6 19. Bxe4 dxe4 20. Bd8 Be6 21. Bb6
Qf7 22. Qd6 Bd5 23. Rac1 Rfe8 24. Bd4 Bxd4 25. cxd4 Rad8 26. Qc5 f3 27. g4 Qf4
28. Kh1 e3 29. h3 exf2 30. Rxf2 Re2 31. Qc2 Rxf2 32. Qxf2 Qxc1+ 33. Kh2 Qf4+
34. Kg1 Re8 35. Nc3 Qe3 36. Nxd5 cxd5 0-1

[Event "Superettan(Farsta-Orgryte)"]
[Site "?"]
[Date "2012.01.22"]
[Round "3"]
[White "Jaderberg, Bjorn"]
[Black "Svedberg, Hans"]
[Result "1-0"]
[WhiteElo "2207"]
[BlackElo "2089"]
[PlyCount "87"]

1. c4 e5 2. g3 Nf6 3. Bg2 d5 4. cxd5 Nxd5 5. Nc3 Nb6 6. Nf3 Nc6 7. O-O Be7 8.
a3 O-O 9. b4 Be6 10. d3 f6 11. Rb1 a5 12. b5 Nd4 13. Nd2 Nd5 14. Bxd5 Bxd5 15.
e3 Be6 16. exd4 Qxd4 17. Nde4 Rfd8 18. Bb2 a4 19. Qe2 Bb3 20. Rbc1 Qxd3 21.
Qxd3 Rxd3 22. Nb1 Bd5 23. Nc5 Bxc5 24. Rxc5 c6 25. Rc3 Rxc3 26. Nxc3 Bb3 27.
bxc6 bxc6 28. Ne4 Kf7 29. Rc1 Bd5 30. Nc5 g5 31. Bc3 g4 32. Rb1 Bf3 33. Rb7+
Kg6 34. Rd7 Rb8 35. Bb4 Ra8 36. Kf1 h5 37. Ke1 h4 38. Kd2 h3 39. Ke3 Kf5 40.
Rd6 Bd5 41. Nd7 Rd8 42. Rxf6+ Kg5 43. Rd6 Re8 44. Nf6 1-0

[Event "Superettan(Farsta-Orgryte)"]
[Site "?"]
[Date "2012.01.22"]
[Round "3"]
[White "Forsberg, Jan-Olof"]
[Black "Hedin, Gunnar"]
[Result "1/2-1/2"]
[WhiteElo "2119"]
[BlackElo "2126"]
[PlyCount "40"]

1. d4 f5 2. g3 Nf6 3. Bg2 g6 4. Nf3 Bg7 5. O-O O-O 6. c4 d6 7. Nc3 c6 8. Rb1
Kh8 9. b4 Be6 10. d5 cxd5 11. Nd4 Bd7 12. cxd5 Na6 13. a3 Qc7 14. Bb2 Ng4 15.
Rc1 Qb6 16. Ne6 Bxe6 17. dxe6 Nf6 18. Na4 Qb5 19. Nc3 Qb6 20. Na4 Qb5 1/2-1/2

[Event "Superettan(Farsta-Orgryte)"]
[Site "?"]
[Date "2012.01.22"]
[Round "3"]
[White "Wieweg, Johnny"]
[Black "Eksmyr, Johan"]
[Result "1/2-1/2"]
[WhiteElo "2160"]
[BlackElo "2114"]
[PlyCount "63"]

1. e4 c6 2. d4 d5 3. f3 dxe4 4. fxe4 e5 5. Nf3 Be6 6. dxe5 Qxd1+ 7. Kxd1 Nd7 8.
b3 O-O-O 9. Nbd2 Ne7 10. Bb2 Ng6 11. Kc1 Bc5 12. Nc4 b5 13. Nd6+ Kc7 14. a4 a6
15. axb5 axb5 16. Kb1 Ndxe5 17. Nxe5 Bxd6 18. Nxf7 Bxf7 19. Ra7+ Kb6 20. Rxf7
Be5 21. Bd3 Bxb2 22. Kxb2 Ne5 23. Rxg7 Nxd3+ 24. cxd3 Rxd3 25. Rc1 Re8 26. Rxh7
Rxe4 27. Rh6 Rd2+ 28. Kb1 Rxg2 29. Rhxc6+ Ka5 30. R6c2 Rxc2 31. Rxc2 Kb4 32.
Ka2 1/2-1/2

[Event "Superettan(Lulea-Farsta)"]
[Site "?"]
[Date "2012.02.03"]
[Round "4"]
[White "Livner, Anders"]
[Black "Astrom, Robert"]
[Result "1/2-1/2"]
[WhiteElo "2439"]
[BlackElo "2493"]
[PlyCount "44"]
[SourceDate "2012.02.07"]

1. d4 Nf6 2. c4 e6 3. Nf3 b6 4. g3 Ba6 5. Nbd2 d5 6. Bg2 Be7 7. O-O O-O 8. Ne5
Bb7 9. cxd5 exd5 10. b3 Na6 11. Bb2 Re8 12. Rc1 c5 13. Qc2 Rc8 14. Qb1 Bd6 15.
e3 Qe7 16. Qf5 cxd4 17. Ng4 Nxg4 18. Qxg4 Rxc1 19. Rxc1 Ba3 20. Qxd4 Bxb2 21.
Qxb2 Nc5 22. Qd4 Rd8 1/2-1/2

[Event "Superettan(Lulea-Farsta)"]
[Site "?"]
[Date "2012.02.03"]
[Round "4"]
[White "Larsson, Anders"]
[Black "Sammalvuo, Tapani"]
[Result "1-0"]
[WhiteElo "2362"]
[BlackElo "2527"]
[PlyCount "57"]

1. e4 c5 2. Nf3 e6 3. c3 Nf6 4. d3 Nc6 5. Be2 Be7 6. O-O d5 7. e5 Nd7 8. d4 Rb8
9. Be3 Qc7 10. Na3 a6 11. Bg5 Bxg5 12. Nxg5 Qb6 13. Nc2 h6 14. Nh3 Qxb2 15. Qd3
Qb6 16. Rab1 Qd8 17. f4 c4 18. Qd2 f5 19. Bh5+ Kf8 20. Ne3 b5 21. g4 Qh4 22.
Nf2 Nb6 23. Bg6 fxg4 24. f5 Ne7 25. Nh1 Nxg6 26. fxg6+ Ke8 27. Rf4 h5 28. Ng2
Qh3 29. Nf2 1-0

[Event "Superettan(Lulea-Farsta)"]
[Site "?"]
[Date "2012.02.03"]
[Round "4"]
[White "von Bahr, Oskar"]
[Black "Engstrom, Kaj"]
[Result "1-0"]
[WhiteElo "2348"]
[BlackElo "2258"]
[PlyCount "61"]

1. c4 e5 2. g3 Nc6 3. Nc3 Nf6 4. Bg2 Bc5 5. e3 O-O 6. Nge2 Re8 7. O-O d6 8. d4
exd4 9. exd4 Bb6 10. h3 Bf5 11. Be3 a6 12. a3 Ne4 13. b4 Nxc3 14. Nxc3 Ne7 15.
g4 Bc8 16. c5 Ba7 17. Qf3 Ng6 18. Qg3 Bb8 19. d5 c6 20. f4 dxc5 21. Bxc5 cxd5
22. Nxd5 Be6 23. Rad1 Bxd5 24. Rxd5 Qc7 25. Re1 Qc8 26. Rxe8+ Qxe8 27. Rf5 Nxf4
28. Rxf4 g5 29. Rf5 h6 30. Qe3 Qd7 31. Bd5 1-0

[Event "Superettan(Lulea-Farsta)"]
[Site "?"]
[Date "2012.02.03"]
[Round "4"]
[White "Marklund, Niklas"]
[Black "Hjelm, Niclas"]
[Result "0-1"]
[WhiteElo "2234"]
[BlackElo "2367"]
[PlyCount "61"]

1. d4 d5 2. c4 c6 3. Nf3 Nf6 4. Nc3 dxc4 5. a4 e6 6. e4 Bb4 7. Qc2 c5 8. dxc5
Qa5 9. e5 Nd5 10. Bxc4 Nxc3 11. bxc3 Bxc5 12. O-O Nc6 13. Qe4 Bd7 14. Rb1 Qc7
15. Re1 O-O-O 16. Bg5 Rde8 17. Nd4 a6 18. Qe2 Nb8 19. Qa2 h6 20. Be3 Re7 21.
Re2 Rd8 22. Reb2 b6 23. Nf3 Bxe3 24. fxe3 Bc6 25. Nd4 Bb7 26. Nf3 Nd7 27. Be2
Qc5 28. Kf2 Nxe5 29. Rxb6 Ng4+ 30. Kg1 Nxe3 31. Bxa6 0-1

[Event "Superettan(Lulea-Farsta)"]
[Site "?"]
[Date "2012.02.03"]
[Round "4"]
[White "Wieweg, Johnny"]
[Black "Marcussen, Arno"]
[Result "0-1"]
[WhiteElo "2160"]
[BlackElo "2136"]
[PlyCount "36"]
[EventDate "2012.??.??"]

1. e4 c5 2. Nf3 Nc6 3. c3 Qa5 4. g3 Nf6 5. e5 Ng4 6. Qe2 Qc7 7. d4 cxd4 8. Bf4
d3 9. Qe4 Qb6 10. Nd4 Qxb2 11. Bd2 Qxa1 12. Bxd3 Ngxe5 13. Nb5 Nxd3+ 14. Qxd3
Qxa2 15. O-O Kd8 16. c4 d6 17. N1c3 Ne5 18. Qe3 Qxd2 0-1

[Event "Superettan(Lulea-Farsta)"]
[Site "?"]
[Date "2012.02.03"]
[Round "4"]
[White "Rolen, Magnus"]
[Black "Ong, Kezli"]
[Result "1/2-1/2"]
[WhiteElo "2162"]
[BlackElo "2327"]
[PlyCount "70"]
[SourceDate "2012.02.07"]

1. Nc3 d5 2. e4 d4 3. Nce2 e5 4. Nf3 Bd6 5. Ng3 Be6 6. Nh5 Kf8 7. Be2 Nc6 8. h4
Be7 9. d3 h6 10. Ng3 Bg4 11. h5 Bb4+ 12. Nd2 Bxe2 13. Qxe2 Nf6 14. a3 Bxd2+ 15.
Bxd2 Qd7 16. Nf5 a5 17. g4 Nd8 18. g5 hxg5 19. Bxg5 Ne6 20. h6 Kg8 21. Bxf6
gxf6 22. O-O-O Kh7 23. Rdg1 Ng5 24. Qg4 Ra6 25. f4 exf4 26. Qxf4 Rg8 27. Qf2 c5
28. Rg4 Rb6 29. Qd2 Qb5 30. c4 Qb3 31. Qc2 Qa2 32. Qb1 Qb3 33. Qc2 Qa2 34. Qb1
Qb3 35. Qc2 Qa2 1/2-1/2

[Event "Superettan(Lulea-Farsta)"]
[Site "?"]
[Date "2012.02.03"]
[Round "4"]
[White "Lagerborg, Krister"]
[Black "Pettersson, Tobias"]
[Result "1-0"]
[WhiteElo "2141"]
[BlackElo "2082"]
[PlyCount "81"]
[EventDate "2012.??.??"]

1. e4 d6 2. d4 Nf6 3. f3 g6 4. c4 Bg7 5. Nc3 O-O 6. Be3 a6 7. Bd3 Nc6 8. Nge2
h5 9. Qd2 Nh7 10. O-O e5 11. d5 Nd4 12. Bb1 Nxe2+ 13. Nxe2 Bf6 14. a3 b6 15. b4
a5 16. Bd3 Bg5 17. Nc3 Bxe3+ 18. Qxe3 Nf6 19. Qg5 Bd7 20. c5 dxc5 21. bxc5 Qe7
22. c6 Bc8 23. Qe3 Ba6 24. Bxa6 Rxa6 25. Nb5 Ne8 26. f4 exf4 27. Rxf4 Ra8 28.
e5 Rd8 29. Rd1 Nd6 30. Nxd6 Rxd6 31. Qd4 Rdd8 32. d6 Qe8 33. d7 Qe7 34. a4 Rb8
35. Qd5 Qa3 36. Re4 Rbd8 37. e6 fxe6 38. Rxe6 Kg7 39. Qe5+ Kh6 40. h4 Rf5 41.
Qxf5 1-0

[Event "Superettan(Lulea-Farsta)"]
[Site "?"]
[Date "2012.02.03"]
[Round "4"]
[White "Pousette, Gunnar"]
[Black "Jaderberg, Bjorn"]
[Result "1/2-1/2"]
[WhiteElo "2115"]
[BlackElo "2207"]
[PlyCount "41"]
[EventDate "2012.??.??"]
[SourceDate "2012.02.07"]

1. c4 e5 2. g3 d6 3. Bg2 f5 4. Nc3 Nf6 5. d3 Be7 6. e4 Nc6 7. Nge2 O-O 8. O-O
Nd4 9. Nxd4 exd4 10. Ne2 fxe4 11. Nxd4 Bg4 12. f3 exf3 13. Bxf3 Qd7 14. Qe1 d5
15. Bxg4 Nxg4 16. Rxf8+ Bxf8 17. Qe6+ Qxe6 18. Nxe6 dxc4 19. dxc4 Bd6 20. Bf4
Bxf4 21. Nxf4 1/2-1/2

[Event "Superettan(SodraSASS-Lulea)"]
[Site "?"]
[Date "2012.02.04"]
[Round "5"]
[White "Astrom, Robert"]
[Black "Furhoff, Johan"]
[Result "1-0"]
[WhiteElo "2493"]
[BlackElo "2378"]
[PlyCount "63"]
[EventDate "2012.??.??"]

1. d4 d5 2. c4 e5 3. dxe5 d4 4. Nf3 Nc6 5. Nbd2 Nge7 6. a3 a5 7. Nb3 Nf5 8. Bg5
Qd7 9. g4 a4 10. gxf5 axb3 11. Bh3 Ra5 12. Bf4 g5 13. Bxg5 Nxe5 14. Bf6 Nxf3+
15. exf3 Rg8 16. Qe2+ Be7 17. O-O-O Kf8 18. Bxd4 Bg5+ 19. Be3 Qe8 20. Qd2 Bxe3
21. fxe3 Rc5 22. e4 Rxc4+ 23. Kb1 Rc6 24. Qb4+ Kg7 25. Rhg1+ Kh8 26. Qxb3 Rxg1
27. Rxg1 Rh6 28. Qc3+ f6 29. Qxc7 Qd7 30. Qg3 Qf7 31. Bf1 Bd7 32. Bc4 1-0

[Event "Superettan(SodraSASS-Lulea)"]
[Site "?"]
[Date "2012.02.04"]
[Round "5"]
[White "Holmqvist, Gunnar"]
[Black "Larsson, Anders"]
[Result "1/2-1/2"]
[WhiteElo "2262"]
[BlackElo "2362"]
[PlyCount "40"]
[EventDate "2012.??.??"]
[SourceDate "2012.02.07"]

1. Nf3 d6 2. d4 Bg4 3. g3 Bxf3 4. exf3 d5 5. Nc3 e6 6. Be3 g6 7. h4 h5 8. Bd3
Bg7 9. Ne2 Ne7 10. Bg5 c5 11. Bxe7 Qxe7 12. Bb5+ Nc6 13. c3 Rc8 14. Kf1 a6 15.
Bxc6+ Rxc6 16. Kg2 cxd4 17. Nxd4 Rc7 18. f4 O-O 19. Re1 Qf6 20. a4 Rfc8 1/2-1/2

[Event "Superettan(SodraSASS-Lulea)"]
[Site "?"]
[Date "2012.02.04"]
[Round "5"]
[White "Engstrom, Kaj"]
[Black "Sjoberg, Mats"]
[Result "0-1"]
[WhiteElo "2258"]
[BlackElo "2355"]
[PlyCount "120"]

1. e4 c5 2. Nf3 Nc6 3. Bb5 Qb6 4. Nc3 e6 5. O-O Nd4 6. Bc4 Ne7 7. Re1 Ng6 8.
Nxd4 cxd4 9. Ne2 Ne5 10. d3 Nxc4 11. dxc4 Bc5 12. Nf4 O-O 13. Rb1 a5 14. Bd2
Qc7 15. Qe2 f5 16. e5 Ra6 17. a3 d6 18. b4 axb4 19. axb4 dxe5 20. Nd3 Be7 21.
Nxe5 Ra2 22. Qd3 b6 23. Qb3 Ra8 24. Bf4 Bd6 25. Qg3 Ra2 26. Qb3 Ra7 27. h4 Qb7
28. Qg3 Qa8 29. Rbd1 Bxb4 30. Re2 Ra1 31. Rxa1 Qxa1+ 32. Kh2 Re8 33. Nf3 Bf8
34. Be5 Qa2 35. Nxd4 Qxc4 36. Re3 Qd5 37. h5 Bb7 38. f4 Qd7 39. Ne2 Qf7 40. Qh3
Rc8 41. c3 Be7 42. Nd4 Bd5 43. g4 Ra8 44. Re2 Ra1 45. Nf3 Bf6 46. c4 Bxe5 47.
cxd5 fxg4 48. Nxe5 Qxf4+ 49. Qg3 Rh1+ 50. Kxh1 Qxg3 51. d6 Kf8 52. Re4 Qf2 53.
d7 Ke7 54. Rd4 Qxd4 55. Nc6+ Kxd7 56. Nxd4 e5 57. Nc2 Ke6 58. Ne3 b5 59. Kg2 b4
60. Kg3 b3 0-1